Julio Verne : (Registro nro. 14831)

Detalles MARC
000 -LIDER
fixed length control field 01202nam a2200349 a 4500
001 - NÚMERO DE CONTROL
Identificador de número de control 000034821
003 - IDENTIFICACDOR DE NÚMERO DE CONTROL
control field DO-SdBNP
005 - DATE AND TIME OF LATEST TRANSACTION
control field 20241017094614.0
007 - CAMPOS FIJOS DE DESCRIPCIÓN FÍSICA
fixed length control field 000034821
008 - ELEMENTOS DE LONGITUD FIJA
fixed length control field 111020s1986 sp 000 0 spa d
020 ## - ISBN
International Standard Book Number 8476348630 (obra completa)
040 ## - FUENTE DE CATALOGACIÓN
Agencia que crea de manera original el registro BPMSU
Idioma de catalogación spa
Agencia que realiza la transcripción BPMSU
049 ## - LOCAL HOLDINGS (OCLC)
Holding library
082 #4 - NÚMERO DE CLASIFICACIÓN DECIMAL DE DEWEY
Classification number 843.8
Item number V531J 1986
Edition number 22
092 ## - LOCALLY ASSIGNED DEWEY DECIMAL CALL NUMBER
Número de clasificación
Número de ítem (Cutter)
100 1# - ASIENTO PRINCIPAL -- NOMBRE PERSONAL
Nombre personal Verne, Julio,
Fechas asociadas con el nombre 1828-1905.
245 10 - MENCIÓN DE TITULO
Título Julio Verne :
Subtítulo Veinte mil leguas de viaje submarino /
Mención de responsabilidad Jules Verne ; traductor Sáenz de Juvera ; ilustración Riou y Neuville
260 ## - PUBLICACIÓN, DISTRIBUCIÓN, ETC. (PIE DE IMPRENTA)
Lugar de publicación, distribución, etc Madrid :
Nombre del editor, distribuidor, etc. Ediciones Orbis,
Fecha de publicación, distribución, etc 1986
300 ## - DESCRIPCIÓN FÍSICA
Extensión v. ;
Dimensiones 22 cm.
490 0# - MENCIÓN DE SERIES
Mención de serie Clásicos de la juventud,
Volume/sequential designation 17/18
500 ## - NOTA GENERAL
Nota general
505 ## - NOTA DE CONTENIDO
Texto normalizado de contenido v. 1: Primera parte del Atlántico al pacífico -- <br/>v. 2: Segunda parte del Pacífico al Atlántico.
534 ## - NOTA SOBRE LA VERSIÓN ORIGINAL
Frase introductoria Título original :
Mención del título original Ving mille lieues sous les mers
590 ## - NOTA LOCAL
Texto de la nota local Inventariado, 2024/VM
650 #4 - ENCABEZAMIENTO DE MATERIA--TEMÁTICO
Término temático o nombre geográfico como elemento de entrada Novela juvenil francesa
Fuente del encabezamiento o término
650 #4 - ENCABEZAMIENTO DE MATERIA--TEMÁTICO
Término temático o nombre geográfico como elemento de entrada Literatura juvenil francesa
700 1# - ASIENTO SECUNDARIO -- NOMBRE PERSONAL
Nombre personal Juvera, Sáenz de,
Mención de responsabilidad traductor
700 1# - ASIENTO SECUNDARIO -- NOMBRE PERSONAL
Nombre personal Riou,
Mención de responsabilidad ilustración
700 1# - ASIENTO SECUNDARIO -- NOMBRE PERSONAL
Nombre personal Neuville
Mención de responsabilidad ilustraciones
910 ## - VALIDACIÓN
Validación VMateo V. Control de calidad BPMSU
942 ## - ADDED ENTRY ELEMENTS (KOHA)
Source of classification or shelving scheme Dewey Decimal Classification
Koha item type Libros
Existencias
Withdrawn status Lost status Source of classification or shelving scheme Damaged status Not for loan Collection code Home library Current library Date acquired Total Checkouts Full call number Barcode Date last seen Copy number Price effective from Koha item type
    Dewey Decimal Classification     Colección Juvenil General Biblioteca Pública Metropolitana Salomé Ureña Biblioteca Pública Metropolitana Salomé Ureña 10/17/2024   BPMSU CJG 843.8 V531J 1986 BPMSU24100028 10/17/2024 v.18 10/17/2024 Libros
    Dewey Decimal Classification     Colección Juvenil General Biblioteca Pública Metropolitana Salomé Ureña Biblioteca Pública Metropolitana Salomé Ureña 10/17/2024   BPMSU CJG 843.8 V531J 1986 BPMSU24100029 10/17/2024 v.18, e.2 10/17/2024 Libros